MARC

LEADER 00000nam0a2200000 4500
001 15648
005 20231030190303.0
035 |a (RuTPU)RU\TPU\book\15760 
035 |a BOOK00000448 
090 |a 15648 
100 |a 20011209d1959 m y0rusy50 ca 
101 0 |a rus 
102 |a RU 
105 |a y j 000zy 
200 1 |a Новейшая история  |e учебное пособие  |h Ч. 2  |i (1939-1959)  |f Высш. парт. школа при ЦК КПСС 
210 |a Москва  |c Изд-во ВПШ и АОН  |d 1959 
215 |a 672 с. 
610 1 |a история 
610 1 |a всемирная история 
610 1 |a новейшая история 
610 1 |a 20 век 
610 1 |a учебные пособия 
610 1 |a мировая система социализма 
610 1 |a Вторая мировая война 1939-1945 
610 1 |a колониальная система империализма 
610 1 |a капиталистические страны 
686 |a Т3(0)6я73  |v LBC/SL-A  |2 rubbk 
712 0 2 |a Высш. парт. школа при ЦК КПСС 
801 0 |a RU  |b 63413507  |c 20011209  |g PSBO 
801 2 |a RU  |b 63413507  |c 20140312  |g PSBO 
942 |c BK